Statistics for Actors by Country #1

Click here to take the quiz!

General Stats

  • This quiz has been taken 40 times
  • The average score is 16 of 20

Answer Stats

HintAnswer% Correct
Nicole KidmanAustralia
92%
Ryan GoslingCanada
92%
Javier BardemSpain
92%
Benedict CumberbatchUnited Kingdom
92%
Daniel BrühlGermany
89%
Monica BellucciItaly
89%
Salma HayekMexico
89%
Alexander SkarsgårdSweden
89%
Christoph WaltzAustria
86%
Colin FarrellIreland
86%
Russell CroweNew Zealand
86%
Charlize TheronSouth Africa
86%
Mads MikkelsenDenmark
83%
Marion CotillardFrance
83%
Song Kang-hoSouth Korea
83%
Irrfan KhanIndia
81%
Ken WatanabeJapan
72%
Gal GadotIsrael
69%
Rutger HauerNetherlands
47%
Mahershala AliUnited States
42%

Score Distribution

Percentile by Number Answered

Percent of People with Each Score

Your Score History

You have not taken this quiz